Endocrinology (Record no. 19519)

MARC details
000 -LEADER
fixed length control field 00926nam a2200289Ia 4500
003 - CONTROL NUMBER IDENTIFIER
control field OSt
005 - DATE AND TIME OF LATEST TRANSACTION
control field 20260324145339.0
008 - FIXED-LENGTH DATA ELEMENTS--GENERAL INFORMATION
fixed length control field 220909b |||||||| |||| 00| 0 eng d
020 ## - INTERNATIONAL STANDARD BOOK NUMBER
International Standard Book Number 0721603769
037 ## - SOURCE OF ACQUISITION
Terms of availability Reference
040 ## - CATALOGING SOURCE
Original cataloging agency CSL
Language of cataloging eng
Transcribing agency CSL
041 ## - LANGUAGE CODE
Language code of text/sound track or separate title eng
084 ## - COLON CLASSIFICATION NUMBER
Classification number L6 M9;P6.3;1 RR
Assigning agency CSL
245 #0 - TITLE STATEMENT
Title Endocrinology
250 ## - EDITION STATEMENT
Edition statement 5
260 ## - PUBLICATION, DISTRIBUTION, ETC.
Place of publication, distribution, etc. Philadelphia :
Name of publisher, distributor, etc. Elsevier Saunders ,
Date of publication, distribution, etc. 2006 .
300 ## - PHYSICAL DESCRIPTION
Extent 3 v, (xxxii, 2547-3634p.)
Other physical details : col. ill.
650 ## - SUBJECT ADDED ENTRY--TOPICAL TERM
Topical term or geographic name entry element Endocrine diseases
9 (RLIN) 1220593
650 ## - SUBJECT ADDED ENTRY--TOPICAL TERM
Topical term or geographic name entry element Endocrine glands
650 ## - SUBJECT ADDED ENTRY--TOPICAL TERM
Topical term or geographic name entry element Endocrine glands
650 ## - SUBJECT ADDED ENTRY--TOPICAL TERM
Topical term or geographic name entry element Endocrinology
650 ## - SUBJECT ADDED ENTRY--TOPICAL TERM
Topical term or geographic name entry element Medicine
700 ## - ADDED ENTRY--PERSONAL NAME
Personal name Degroot, Leslie J
Relator term editor.
9 (RLIN) 1217935
700 ## - ADDED ENTRY--PERSONAL NAME
Personal name jameson, J Larry
Relator term editor.
9 (RLIN) 1217937
942 ## - ADDED ENTRY ELEMENTS (KOHA)
Classification part L6 M9;P6.3;1 RR
Koha item type Reference
Source of classification or shelving scheme Colon Classification (CC)
Holdings
Withdrawn status Lost status Damaged status Not for loan Home library Current library Date acquired Source of acquisition Total Checkouts Full call number Barcode Date last seen Price effective from Koha item type
        Central Science Library Central Science Library 2022-09-12 152/06-07, 20/12/2006, N R Book Distributors   L6 M9;P6.1;1-.2;1-.3;1 RR SL1378942 2022-09-12 2022-09-12 Textual
Copyright @ Delhi University Library System